| 000 | 01363cam a2200349 a 4500 | ||
|---|---|---|---|
| 008 | 020709s2003 nju b 001 0 eng | ||
| 010 | _a 2002029267 | ||
| 020 | _a0691114129 (alk. paper) | ||
| 040 |
_aDLC _cDLC _dDLC |
||
| 043 | _an-us--- | ||
| 050 | 0 | 0 |
_aLC67.62 _b.B65 2003 |
| 082 | 0 | 0 |
_a338.4/3378 _221 |
| 092 | 0 | 4 |
_a338.43378 _bB686 _221 |
| 099 |
_a04 _a338.43378 B686 |
||
| 100 | 1 | _aBok, Derek Curtis. | |
| 245 | 1 | 0 |
_aUniversities in the marketplace : _bthe commercialization of higher education / _cDerek Bok. |
| 260 |
_aPrinceton, N.J. : _bPrinceton University Press, _c2003. |
||
| 300 |
_axi, 233 p. ; _c25 cm. |
||
| 500 | _aAmerican Window | ||
| 504 | _aIncludes bibliographical references and index. | ||
| 650 | 0 |
_aBusiness and education _zUnited States. |
|
| 650 | 0 |
_aEducation, Higher _xEconomic aspects _zUnited States. |
|
| 650 | 0 |
_aUniversities and colleges _zUnited States _xSociological aspects. |
|
| 856 | 4 | 1 |
_3Sample text _uhttp://www.loc.gov/catdir/samples/prin031/2002029267.html |
| 856 | 4 | 2 |
_3Book review (Education Review) _uhttp://edrev.asu.edu/reviews/rev269.htm |
| 856 | 4 | 2 |
_3Publisher description _uhttp://www.loc.gov/catdir/description/prin031/2002029267.html |
| 902 | _a1 | ||
| 905 |
_aEman _eRev. |
||
| 905 |
_aJamal _eCat. |
||
| 942 |
_2ddc _cBK |
||
| 999 |
_c114256 _d114256 |
||